<?xml version="1.0" encoding="UTF-8"?><?xml-stylesheet type="text/xsl" href="static/style.xsl"?><OAI-PMH xmlns="http://www.openarchives.org/OAI/2.0/" xmlns:xsi="http://www.w3.org/2001/XMLSchema-instance" xsi:schemaLocation="http://www.openarchives.org/OAI/2.0/ http://www.openarchives.org/OAI/2.0/OAI-PMH.xsd"><responseDate>2026-04-17T15:46:16Z</responseDate><request verb="GetRecord" identifier="oai:www.recercat.cat:2445/12622" metadataPrefix="marc">https://recercat.cat/oai/request</request><GetRecord><record><header><identifier>oai:recercat.cat:2445/12622</identifier><datestamp>2025-12-05T00:22:31Z</datestamp><setSpec>com_2072_1057</setSpec><setSpec>col_2072_478917</setSpec><setSpec>col_2072_478935</setSpec></header><metadata><record xmlns="http://www.loc.gov/MARC21/slim" xmlns:dcterms="http://purl.org/dc/terms/" xmlns:xsi="http://www.w3.org/2001/XMLSchema-instance" xmlns:doc="http://www.lyncode.com/xoai" xsi:schemaLocation="http://www.loc.gov/MARC21/slim http://www.loc.gov/standards/marcxml/schema/MARC21slim.xsd">
   <leader>00925njm 22002777a 4500</leader>
   <datafield ind2=" " ind1=" " tag="042">
      <subfield code="a">dc</subfield>
   </datafield>
   <datafield ind2=" " ind1=" " tag="720">
      <subfield code="a">Bretones, María Trinidad</subfield>
      <subfield code="e">author</subfield>
   </datafield>
   <datafield ind2=" " ind1=" " tag="260">
      <subfield code="c">2010-05-17T07:23:15Z</subfield>
   </datafield>
   <datafield ind2=" " ind1=" " tag="260">
      <subfield code="c">2010-05-17T07:23:15Z</subfield>
   </datafield>
   <datafield ind2=" " ind1=" " tag="260">
      <subfield code="c">2003</subfield>
   </datafield>
   <datafield ind2=" " ind1=" " tag="520">
      <subfield code="a">La planificación del proyecto, la dirección del trabajo y la formulación del modelo y las hipótesis de investigación son obra de la labor del profesor Salvador Aguilar. Otros autores son María Trinidad Bretones, Rosa Carbó, Marisa Duarte, Josep Miquel García, Gisela Murillo, Marta Pérez y Joaquim Sempere, cuya autoría se corresponde con capítulos parciales del conjunto del informe y así se menciona en mismo.</subfield>
   </datafield>
   <datafield ind2=" " ind1=" " tag="520">
      <subfield code="a">INFORME DE RECERCA: Aquest treball ha consistit en una indagació sobre la protesta social&#xd;
recent al nostre país (Espanya, 1982-2002); específicament, sobre els principals episodis contemporànis&#xd;
d'acció col.lectiva que han esclatat a Espanya i a Catalunya, amb dos paràmetres&#xd;
delimitadors bàsics:&#xd;
a) haver-se produït en el periode postransicional, és a dir, amb la fase de resolució de&#xd;
la transició política ja culminada (cosa que, com altres investigadors, hipotitzem&#xd;
que es produí pel 1982, amb el primer relleu democràtic i pacífic del Govern i&#xd;
amb el que anomenem transició institucional ja acabada); per tant, entre 1982 i&#xd;
2003 aproximadament.&#xd;
b) haver mobilitzat un seguiment massiu i adquirit, degut a aquest motiu, a vegades&#xd;
reforçat per altres, una significació política excepcional, fora d'allò que es&#xd;
considera normal en l'activitat política quotidiana (i&#xd;
tenint en conseqüència un impacte molt notable en el decurs mateix del&#xd;
periode postransicional).</subfield>
   </datafield>
   <datafield ind2=" " ind1=" " tag="520">
      <subfield code="a">Fundació Jaume Bofill. Universitat de Barcelona. Fundació Utopia. Grup d'Investigació de la Universitat de Barcelona (Direcció: María Trinidad Bretones)</subfield>
   </datafield>
   <datafield tag="653" ind2=" " ind1=" ">
      <subfield code="a">Societat civil</subfield>
   </datafield>
   <datafield tag="653" ind2=" " ind1=" ">
      <subfield code="a">Conflictes socials</subfield>
   </datafield>
   <datafield tag="653" ind2=" " ind1=" ">
      <subfield code="a">Canvi social</subfield>
   </datafield>
   <datafield tag="653" ind2=" " ind1=" ">
      <subfield code="a">1982-2002</subfield>
   </datafield>
   <datafield tag="653" ind2=" " ind1=" ">
      <subfield code="a">Espanya</subfield>
   </datafield>
   <datafield tag="653" ind2=" " ind1=" ">
      <subfield code="a">Civil society</subfield>
   </datafield>
   <datafield tag="653" ind2=" " ind1=" ">
      <subfield code="a">Social conflict</subfield>
   </datafield>
   <datafield tag="653" ind2=" " ind1=" ">
      <subfield code="a">Social change</subfield>
   </datafield>
   <datafield tag="653" ind2=" " ind1=" ">
      <subfield code="a">Spain</subfield>
   </datafield>
   <datafield ind2="0" ind1="0" tag="245">
      <subfield code="a">Una nova societat civil: accions col·lectives de masses a l'Espanya postransicional (ca. 1982-2002)</subfield>
   </datafield>
</record></metadata></record></GetRecord></OAI-PMH>